000 00305nam a22000977a 4500
008 150723b xxu||||| |||| 00| 0 eng d
010 _8HCCRSARF:035
245 _aHIGH COURT CRIMINAL SESSION NO.62 OF 1976 Uganda Vs Anjelo Odur
260 _aHigh Court Kampala
500 _3BEFORE: Hon. Mr. Justice M.C. Kantinti
999 _c8084
_d8084